| 000 | 01235cam a22003497a 4500 | ||
|---|---|---|---|
| 003 | CHAP | ||
| 005 | 20220329141838.0 | ||
| 008 | 971208d1990 nl ab r 10110 eng d | ||
| 010 | _a74711 | ||
| 011 | _a75683 | ||
| 020 | _a9290810467 | ||
| 035 | _a85251 | ||
| 040 | _cCHAP | ||
| 082 | 0 | 4 |
_a636.0882 _bT7 v.27 |
| 100 | 0 | 0 |
_aStarkey, Paul _eed. _9109488 |
| 245 | 1 | 0 |
_aAnimal traction for agricultural development _c/ ed. by Paul Startey and Adama Faye |
| 260 | 0 |
_aEde-Wageningen, The Netherlands : _bTechnical Centre for Agricultural and Rural Cooperation, _c1990. |
|
| 300 |
_a475 h. : _bilus. ; mapas |
||
| 500 | _aFotocopia | ||
| 590 |
_aBATCH-UPD _b10 _c20130110 _lUCH01 _h0513 |
||
| 590 |
_aBATCH-UPD _b10 _c20130410 _lUCH01 _h0151 |
||
| 590 |
_aBATCH-UPD _b10 _c20130914 _lUCH01 _h0336 |
||
| 590 |
_aCONVERSION _b10 _c20130109 _lUCH01 _h1341 |
||
| 650 | 1 | 4 |
_aAnimales de carga. _95878 |
| 650 | 1 | 4 |
_aEnergía animal. _936889 |
| 700 | 0 |
_aFaye, Adama _eed. _939880 |
|
| 711 | 0 |
_aWorkshop of the West Africa Animal Traction Network _n(3 : _d1988 : _cSaly, Senegal) _9122651 |
|
| 901 | _aBK | ||
| 905 | _aLilia Sánchez G. | ||
| 942 | _cLIBRO | ||
| 949 |
_a636.0882 T7 v.27 _bBC _cLIBRO _d33724000582029 _eLIBRO _h92585 _i85251 _kDonaciØn _sb |
||
| 999 |
_c74711 _d74711 |
||